zpět

Detail výsledku týmu

Srdcovka Ústí, Ústí nad Labem

Datum a čas kvízu

38 Celkem bodů Celkový počet nahraných bodů na tomto kvízu bez doplňovacích otázek.
2. Pořadí na kvízu Konečné umístění týmu na tomto kvízu.

Zaznamenané odpovědi

# Otázka Odpověď Body Výsledky
1. V Olomouci byli minulý týden p... propisku 1
2. Státníci kterých dvou zemí si... Japonsko (premiérka), Jižní Korea (prezident) 0
3. Minulý týden bylo oznámeno jmé... o Hanse Zimmera 1
4. První vydání jistého komiksu b... Superman 1
5. Půl bodu získáte za jméno česk... Jakub Menšík, oštěp 1
6. Vaším úkolem v tématu bude odh... červenou, bílou 1
7. Teď se podíváme na domácí fotb... čtyři 1
8. Pojďme na hokej. Olomoucký koh... červenou 1
9. Na základě zobrazených barev l... Los Angeles Lakers 1
10. Které americké město oslavuje... Pittsburgh 1